[Event "PRO League Group Stage"]
[Site "chess.com INT"]
[Date "2019.02.07"]
[Round "5"]
[White "Kollars, Dmitrij"]
[Black "Sebenik, Matej"]
[Result "1/2-1/2"]
[WhiteTitle "GM"]
[BlackTitle "GM"]
[WhiteElo "2562"]
[BlackElo "2540"]
[WhiteTeam "Baden-Baden Snowballs"]
[BlackTeam "Ljubljana Turtles"]
[WhiteFideId "12909572"]
[BlackFideId "14602296"]
[EventDate "2019.01.08"]

1. e4 c5 2. Nf3 Nc6 3. Bb5 g6 4. Bxc6 dxc6 5. d3 Bg7 6. h3 Nf6 7. Nc3 Nd7 8. Be3
e5 9. Qd2 h6 10. O-O b6 11. a4 a5 12. Nh2 Nf8 13. f4 exf4 14. Bxf4 Ne6 15. Be3
Nd4 16. Rf2 Be6 17. Raf1 Qd7 18. Ng4 O-O-O 19. Nf6 Qe7 20. e5 Bf5 21. Bf4 c4 22.
Nce4 cxd3 23. cxd3 Qb4 24. Qe3 Bxf6 25. exf6 Bxe4 26. dxe4 g5 27. Bh2 Ne6 28.
Be5 Kb7 29. b3 Rd7 30. Rc2 Rhd8 31. Rc3 Rd1 32. Rxd1 Rxd1+ 33. Kh2 Nc5 34. Qf3
Qxe4 35. Qxd1 Qxe5+ 36. Rg3 Ne4 37. Qd7+ Ka6 38. Qc8+ Ka7 39. Qd7+ Ka6 40. Qc8+
Ka7 41. Qd7+ Ka6 1/2-1/2

[Event "PRO League Group Stage"]
[Site "chess.com INT"]
[Date "2019.02.07"]
[Round "5"]
[White "Agrest, Inna"]
[Black "Borisek, Jure"]
[Result "1-0"]
[WhiteTitle "WIM"]
[BlackTitle "GM"]
[WhiteElo "2275"]
[BlackElo "2584"]
[WhiteTeam "Baden-Baden Snowballs"]
[BlackTeam "Ljubljana Turtles"]
[WhiteFideId "1708830"]
[BlackFideId "14603152"]
[EventDate "2019.01.08"]

1. e4 e5 2. Nf3 Nc6 3. Bb5 a6 4. Ba4 Nf6 5. O-O Be7 6. Re1 b5 7. Bb3 d6 8. c3
O-O 9. h3 Bb7 10. d4 Re8 11. Ng5 Rf8 12. Nf3 Nd7 13. Nbd2 exd4 14. cxd4 Re8 15.
Nf1 Na5 16. Bc2 Bf6 17. Ng3 g6 18. Bd2 Nc4 19. Bc3 c5 20. a3 Rc8 21. Rc1 cxd4
22. Nxd4 Nxa3 23. Bb3 Nc4 24. Ba2 Nc5 25. b3 Ne5 26. Bb1 Qb6 27. Kh1 Bg5 28. Bb2
Bxc1 29. Bxc1 Ncd3 30. Be3 Nxe1 31. Qxe1 Qc7 32. Qd1 Qc3 33. Ngf5 Rcd8 34. Nh6+
Kf8 35. Bg5 Bc8 36. f4 Nd3 37. Qxd3 Qxd3 38. Bxd3 Rd7 39. Ng4 Rc7 40. Nf6 Re6
41. Bh6+ Ke7 42. Nd5+ Kd7 43. Nxe6 Rc1+ 44. Kh2 Kxe6 45. f5+ Ke5 46. Bxc1 1-0

[Event "PRO League Group Stage"]
[Site "chess.com INT"]
[Date "2019.02.07"]
[Round "5"]
[White "Vachier-Lagrave, Maxime"]
[Black "Maze, Sebastien"]
[Result "1/2-1/2"]
[WhiteTitle "GM"]
[BlackTitle "GM"]
[WhiteElo "2780"]
[BlackElo "2596"]
[WhiteTeam "Marseille Migraines"]
[BlackTeam "Cannes Blitzstreams"]
[WhiteFideId "623539"]
[BlackFideId "613762"]
[EventDate "2019.01.08"]

1. e4 c5 2. b3 Nc6 3. Bb2 e5 4. Nf3 d6 5. Bc4 Be7 6. O-O Nh6 7. c3 O-O 8. d4 Qc7
9. Na3 Kh8 10. Nc2 f5 11. exf5 Nxf5 12. dxe5 dxe5 13. Qe2 Nd6 14. Ne3 Nxc4 15.
Qxc4 Na5 16. Qe4 Bf6 17. Rad1 Nc6 18. Ba3 b6 19. Nd5 Qb7 20. Nxf6 gxf6 21. Rd6
Ne7 22. Nd2 Nf5 23. Rd3 Qxe4 24. Nxe4 Ba6 25. c4 Nd4 26. Bb2 Rad8 27. Bxd4 cxd4
28. f3 b5 29. Rc1 bxc4 30. bxc4 Rc8 31. Nd2 Rc6 32. Ra3 Rb8 33. Ra4 Rb2 34. Nb3
d3 35. c5 f5 36. Rd1 Re6 37. Re1 e4 38. fxe4 fxe4 39. Raxe4 Rxe4 40. Rxe4 d2 41.
Nxd2 Rxd2 42. Re8+ Kg7 43. Re7+ Kg6 44. Rxa7 Bc4 45. c6 Rc2 46. c7 Bd5 47. g3
Kf6 48. a4 Ke6 49. c8=Q+ Rxc8 50. Rxh7 Rc2 51. a5 Rg2+ 52. Kf1 Ra2 53. a6 Bc4+
54. Kg1 Bxa6 55. Rh4 Bb7 56. Rf4 Ke5 57. Rf2 Ra1+ 58. Rf1 Ra2 59. Rf2 Ra3 60.
Re2+ Kf5 61. Rf2+ Bf3 62. Rb2 Be4 63. Rf2+ Rf3 64. Rxf3+ Bxf3 1/2-1/2

[Event "PRO League Group Stage"]
[Site "chess.com INT"]
[Date "2019.02.07"]
[Round "5"]
[White "Tregubov, Pavel V."]
[Black "Droin, Augustin"]
[Result "1-0"]
[WhiteTitle "GM"]
[WhiteElo "2592"]
[BlackElo "2099"]
[WhiteTeam "Marseille Migraines"]
[BlackTeam "Cannes Blitzstreams"]
[WhiteFideId "4115341"]
[BlackFideId "45105987"]
[EventDate "2019.01.08"]

1. d4 d5 2. c4 e6 3. Nc3 c6 4. e4 dxe4 5. Nxe4 Bb4+ 6. Nc3 Nf6 7. a3 Ba5 8. Be3
O-O 9. Nf3 Nbd7 10. Bd3 c5 11. O-O cxd4 12. Bxd4 Bc7 13. Re1 b6 14. Nb5 Bb8 15.
Bc3 Bb7 16. Bc2 Qe7 17. Qe2 Rc8 18. Rad1 a6 19. Nbd4 Qc5 20. Nxe6 Bxf3 21. gxf3
Qh5 22. f4 Qxe2 23. Rxe2 fxe6 24. Rxe6 Bxf4 25. Bf5 Rc5 26. Bh3 Rb8 27. Re7 Nf8
28. Bg2 Rg5 29. Kf1 Ng6 30. Ra7 Nh4 31. Bxf6 gxf6 32. Bd5+ Kh8 33. Be4 f5 34.
Rdd7 Rh5 35. Bd5 Ng6 36. Rxa6 Bxh2 37. b4 Be5 38. Raa7 Nf4 39. Bf3 Rh3 40. Bc6
Rc8 41. b5 Rh2 42. c5 bxc5 43. b6 Bd4 44. Rxd4 cxd4 45. b7 Rg8 46. Ra8 Rh6 47.
Rxg8+ Kxg8 48. b8=Q+ Kg7 49. Qxf4 Rxc6 50. Qxd4+ Kg6 51. a4 h5 52. a5 Ra6 53.
Qb6+ 1-0

[Event "PRO League Group Stage"]
[Site "chess.com INT"]
[Date "2019.02.07"]
[Round "5"]
[White "Duda, Jan-Krzysztof"]
[Black "Moussard, Jules"]
[Result "1-0"]
[WhiteTitle "GM"]
[BlackTitle "GM"]
[WhiteElo "2738"]
[BlackElo "2605"]
[WhiteTeam "Cannes Blitzstreams"]
[BlackTeam "Marseille Migraines"]
[WhiteFideId "1170546"]
[BlackFideId "642908"]
[EventDate "2019.01.08"]

1. Nf3 g6 2. c4 Nf6 3. Nc3 d6 4. d4 Bf5 5. Qb3 b6 6. g3 Nc6 7. Bg2 Bg7 8. Qd1
O-O 9. d5 Na5 10. Nd4 Bd7 11. b3 e5 12. Nc2 Re8 13. Rb1 h6 14. Bd2 e4 15. Qc1
Kh7 16. h3 c5 17. g4 Qe7 18. Ne3 a6 19. Na4 Bxa4 20. bxa4 Nd7 21. h4 Kg8 22. h5
Rab8 23. g5 Qxg5 24. hxg6 fxg6 25. Bh3 Ne5 26. Be6+ Rxe6 27. dxe6 Nac6 28. Qc2
Qf4 29. Nf1 Qg4 30. Ng3 Qxe6 31. Qxe4 Qxc4 32. Bxh6 Qxe4 33. Nxe4 Bxh6 34. Rxh6
Kg7 35. Rh3 d5 36. Ng5 Kf6 37. f4 Nf7 38. Rh7 Nxg5 39. fxg5+ Kxg5 40. Rc7 Nb4
41. Kd2 Nxa2 42. Rf7 Nb4 43. Rg1+ Kh6 44. Rf6 Rg8 45. Rxb6 Kh5 46. Rc1 Rc8 47.
Rxb4 1-0

[Event "PRO League Group Stage"]
[Site "chess.com INT"]
[Date "2019.02.07"]
[Round "5"]
[White "Lagarde, Maxime"]
[Black "Maurizzi, Marc Andria"]
[Result "1-0"]
[WhiteTitle "GM"]
[BlackTitle "CM"]
[WhiteElo "2604"]
[BlackElo "2028"]
[WhiteTeam "Cannes Blitzstreams"]
[BlackTeam "Marseille Migraines"]
[WhiteFideId "662399"]
[BlackFideId "36083534"]
[EventDate "2019.01.08"]

1. b3 Nf6 2. Bb2 g6 3. Nf3 Bg7 4. g3 O-O 5. Bg2 c5 6. O-O Nc6 7. e3 d6 8. d4 Bg4
9. Nbd2 cxd4 10. exd4 d5 11. Re1 Rc8 12. h3 Bf5 13. c3 b5 14. b4 a5 15. a3 a4
16. Ne5 Nxe5 17. dxe5 Nd7 18. Nf3 Be4 19. Re3 Nxe5 20. Nxe5 Bxe5 21. Bxe4 dxe4
22. Qe2 Qb6 23. Rxe4 Bxc3 24. Rxe7 Qf6 25. Bxc3 Rxc3 26. Re1 Rxa3 27. Qxb5 Ra1
28. Rxa1 Qxa1+ 29. Kg2 a3 30. Ra7 Qb2 31. Qc4 Kg7 32. h4 h5 33. b5 Kg8 34. Ra6
Kg7 35. b6 Kg8 36. Qd5 Kg7 37. Kg1 Qb1+ 38. Kh2 Qb2 39. Kg2 Re8 40. Ra7 Qf6 41.
b7 Re2 42. Qc5 Rb2 43. Ra8 Rxb7 44. Qc8 Kh7 45. Qxb7 1-0

[Event "PRO League Group Stage"]
[Site "chess.com INT"]
[Date "2019.02.07"]
[Round "5"]
[White "Braun, Arik"]
[Black "Holm, Kristian Stuvik"]
[Result "1/2-1/2"]
[WhiteTitle "GM"]
[BlackTitle "IM"]
[WhiteElo "2598"]
[BlackElo "2468"]
[WhiteTeam "Berlin Bears"]
[BlackTeam "Norway Gnomes"]
[WhiteFideId "4663527"]
[BlackFideId "1508083"]
[EventDate "2019.01.08"]

1. Nf3 g6 2. d4 Nf6 3. c4 Bg7 4. e3 O-O 5. Be2 c5 6. d5 b5 7. cxb5 a6 8. O-O
axb5 9. Bxb5 Ba6 10. Bxa6 Nxa6 11. Nc3 d6 12. e4 Nd7 13. Qe2 Ne5 14. Nxe5 Bxe5
15. Nd1 Qb6 16. Ne3 Nc7 17. Nc4 Qa6 18. Bg5 Rfe8 19. Qc2 Bg7 20. a4 Rab8 21.
Rab1 e6 22. dxe6 Nxe6 23. Be3 Rb4 24. b3 Nd4 25. Bxd4 Bxd4 26. Rfd1 Re6 27. Re1
Rb8 28. g3 Rbe8 29. Qd2 Rxe4 30. Rxe4 Rxe4 31. Re1 Rxe1+ 32. Qxe1 d5 33. Ne3 Qb7
34. Qd1 h5 35. Qd3 Bxe3 36. fxe3 Qb4 37. Qxd5 Qe1+ 38. Kg2 Qe2+ 39. Kg1 Qe1+ 40.
Kg2 Qe2+ 1/2-1/2

[Event "PRO League Group Stage"]
[Site "chess.com INT"]
[Date "2019.02.07"]
[Round "5"]
[White "Mons, Leon"]
[Black "Hansen, Torbjorn Ringdal"]
[Result "1-0"]
[WhiteTitle "GM"]
[BlackTitle "GM"]
[WhiteElo "2544"]
[BlackElo "2419"]
[WhiteTeam "Berlin Bears"]
[BlackTeam "Norway Gnomes"]
[WhiteFideId "4614950"]
[BlackFideId "1501720"]
[EventDate "2019.01.08"]

1. Nf3 Nf6 2. g3 g6 3. b3 Bg7 4. Bb2 O-O 5. Bg2 d6 6. d4 a5 7. O-O a4 8. c4 Nc6
9. d5 Na5 10. Nbd2 c5 11. Qc2 Bd7 12. e4 b5 13. e5 Bf5 14. Qc1 Nd7 15. cxb5 a3
16. Bxa3 Nxe5 17. Nxe5 Bxe5 18. Bb2 Bxb2 19. Qxb2 Bd3 20. Rfe1 Bxb5 21. Re3 Qc7
22. Rae1 Rfe8 23. Ne4 Nb7 24. h4 Qa5 25. Nc3 Qb4 26. Re4 c4 27. Rxe7 cxb3 28.
Qxb3 Qxb3 29. axb3 Bd7 30. Bf1 Kf8 31. Rxe8+ Bxe8 32. Ne4 Kg7 33. Rc1 Rd8 34.
Rc7 Rd7 35. Rxd7 Bxd7 36. b4 f5 37. Nc3 Kf6 38. f4 h6 39. Kf2 g5 40. Bb5 Bxb5
41. Nxb5 gxh4 42. gxh4 Kg6 43. Kg3 Kh5 44. Nd4 Kg6 45. Ne6 Kh5 46. Kf3 Kxh4 47.
Ng7 Kh3 48. Nxf5 h5 49. b5 Kh2 50. b6 Kh3 51. Ne7 Kh4 52. Ng6+ Kh3 53. f5 1-0

[Event "PRO League Group Stage"]
[Site "chess.com INT"]
[Date "2019.02.07"]
[Round "5"]
[White "Tari, Aryan"]
[Black "Blohberger, Felix"]
[Result "0-1"]
[WhiteTitle "GM"]
[BlackTitle "IM"]
[WhiteElo "2625"]
[BlackElo "2450"]
[WhiteTeam "Norway Gnomes"]
[BlackTeam "Berlin Bears"]
[WhiteFideId "1510045"]
[BlackFideId "1632051"]
[EventDate "2019.01.08"]

1. e4 c5 2. Nf3 d6 3. Nc3 a6 4. g3 Nc6 5. d4 cxd4 6. Nxd4 g6 7. Bg2 Bg7 8. Nde2
Nf6 9. O-O O-O 10. h3 Rb8 11. a4 b5 12. axb5 axb5 13. Nd5 e6 14. Nxf6+ Bxf6 15.
Bh6 Re8 16. c3 Qc7 17. Be3 Rd8 18. f4 Bg7 19. b4 Bd7 20. Qd3 Be8 21. Rfd1 h5 22.
Ra2 d5 23. e5 Ra8 24. Rda1 Qb7 25. Nc1 Rxa2 26. Rxa2 Ra8 27. Qd2 Ra6 28. Bf1 Bf8
29. Nb3 Qa8 30. Rxa6 Qxa6 31. Nc5 Qa1 32. Kf2 Nb8 33. Bd4 Na6 34. c4 Nxc5 35.
bxc5 Qa7 36. cxb5 Bxc5 37. Bxc5 Qxc5+ 38. Qe3 d4 39. Qd3 Qb6 40. Kf3 Qb7+ 41.
Qe4 Qa7 42. Bd3 Kg7 43. Qe2 Bd7 44. Qb2 Qb7+ 45. Kf2 Qb6 46. Qb4 Bc8 47. Qd6 Qa7
48. b6 Qa2+ 49. Be2 Ba6 50. Qxd4 Qxe2+ 51. Kg1 Qf1+ 52. Kh2 Qe2+ 53. Kg1 Qf1+
54. Kh2 Bb7 0-1

[Event "PRO League Group Stage"]
[Site "chess.com INT"]
[Date "2019.02.07"]
[Round "5"]
[White "Salomon, Johan"]
[Black "Lagunow, Raphael"]
[Result "1-0"]
[WhiteTitle "GM"]
[BlackTitle "FM"]
[WhiteElo "2494"]
[BlackElo "2413"]
[WhiteTeam "Norway Gnomes"]
[BlackTeam "Berlin Bears"]
[WhiteFideId "1509500"]
[BlackFideId "24652644"]
[EventDate "2019.01.08"]

1. Nf3 Nf6 2. g3 d5 3. Bg2 e6 4. O-O Be7 5. c4 O-O 6. b3 c5 7. e3 Nc6 8. Bb2 d4
9. exd4 cxd4 10. Re1 Bc5 11. Ne5 Nxe5 12. Rxe5 Qc7 13. Rxc5 Qxc5 14. Ba3 Qc7 15.
Bxf8 Kxf8 16. d3 Bd7 17. Qe1 a5 18. Nd2 Rd8 19. Ne4 Bc6 20. Nxf6 gxf6 21. Bxc6
bxc6 22. b4 axb4 23. Qxb4+ c5 24. Qd2 Rc8 25. Qh6+ Ke7 26. Qxh7 Qa5 27. Rb1 Rc7
28. Qg8 f5 29. Rb8 Rd7 30. h4 Kd6 31. Qf8+ Ke5 32. Kg2 Qd2 33. Qc8 f4 34. Qxd7
f3+ 35. Kxf3 Qxd3+ 36. Kg2 Qe4+ 37. Kh2 Qe2 38. Qc7+ Kf6 39. Qf4+ Kg6 40. Qg5+
Kh7 41. Qf6 1-0

[Event "PRO League Group Stage"]
[Site "chess.com INT"]
[Date "2019.02.07"]
[Round "5"]
[White "Van Foreest, Jorden"]
[Black "Alvarado Diaz, Alejandro"]
[Result "1-0"]
[WhiteTitle "GM"]
[BlackTitle "IM"]
[WhiteElo "2612"]
[BlackElo "2388"]
[WhiteTeam "Amsterdam Mosquitoes"]
[BlackTeam "Barcelona Raptors"]
[WhiteFideId "1039784"]
[BlackFideId "2276119"]
[EventDate "2019.01.08"]

1. c4 e6 2. d4 Nf6 3. Nc3 Bb4 4. Qc2 b6 5. e4 c5 6. d5 Qe7 7. Ne2 exd5 8. exd5
d6 9. Bd2 O-O 10. O-O-O Nbd7 11. Ng3 Re8 12. f4 Nf8 13. Bd3 Bg4 14. Rde1 Qb7 15.
f5 h6 16. h3 Bh5 17. Nge4 Nxe4 18. Nxe4 Bxd2+ 19. Qxd2 Rxe4 20. Rxe4 f6 21. Rhe1
Qa6 22. a3 Nd7 23. g4 Bf7 24. h4 Ne5 25. Be2 b5 26. cxb5 Qb7 27. Rd1 c4 28. g5
hxg5 29. hxg5 fxg5 30. Qxg5 Bxd5 31. Rxe5 dxe5 32. f6 Be6 33. Bf3 1-0

[Event "PRO League Group Stage"]
[Site "chess.com INT"]
[Date "2019.02.07"]
[Round "5"]
[White "Klein, David"]
[Black "Herrera Reyes, Jose Antonio"]
[Result "1-0"]
[WhiteTitle "GM"]
[BlackTitle "FM"]
[WhiteElo "2492"]
[BlackElo "2324"]
[WhiteTeam "Amsterdam Mosquitoes"]
[BlackTeam "Barcelona Raptors"]
[WhiteFideId "1003623"]
[BlackFideId "2274914"]
[EventDate "2019.01.08"]

1. e4 c5 2. Nf3 e6 3. d4 cxd4 4. Nxd4 a6 5. Nc3 Qc7 6. Bd3 Nf6 7. f4 d6 8. Qe2
Nbd7 9. Bd2 b5 10. g4 b4 11. Nd1 e5 12. Nf5 g6 13. Ng3 exf4 14. Bxf4 Ne5 15. Ne3
Nexg4 16. O-O-O Nxe3 17. Qxe3 Ng4 18. Qd4 Ne5 19. Rhg1 Be6 20. Kb1 h5 21. Qxb4
h4 22. Ne2 Bg7 23. Nd4 Bd7 24. Nf5 Bf8 25. Ne3 Rb8 26. Nd5 Qa7 27. Qa3 Bg7 28.
Qxd6 Rxb2+ 29. Ka1 Nc6 30. Nf6+ Kd8 31. Kxb2 Rh5 32. Kc1 Qb6 33. Qxd7# 1-0

[Event "PRO League Group Stage"]
[Site "chess.com INT"]
[Date "2019.02.07"]
[Round "5"]
[White "Forcen Esteban, Daniel"]
[Black "Admiraal, Miguoel"]
[Result "1-0"]
[WhiteTitle "GM"]
[BlackTitle "IM"]
[WhiteElo "2567"]
[BlackElo "2478"]
[WhiteTeam "Barcelona Raptors"]
[BlackTeam "Amsterdam Mosquitoes"]
[WhiteFideId "2288230"]
[BlackFideId "1019716"]
[EventDate "2019.01.08"]

1. Nf3 d5 2. c4 d4 3. e3 Nc6 4. exd4 Nxd4 5. Nxd4 Qxd4 6. Nc3 c6 7. d3 Nh6 8.
Be3 Qd8 9. d4 Nf5 10. d5 Nxe3 11. fxe3 Qb6 12. Qd2 g6 13. Na4 Qc7 14. Qd4 f6 15.
O-O-O Bg7 16. c5 cxd5 17. Qxd5 Bd7 18. Nc3 O-O-O 19. Qf7 Bh6 20. Bd3 Bxe3+ 21.
Kb1 Bc6 22. Qe6+ Kb8 23. Qxe3 Bxg2 24. Nb5 Qe5 25. Qxe5+ fxe5 26. Rhe1 Bf3 27.
Be2 e4 28. Nc3 g5 29. Kc2 g4 30. Rxd8+ Rxd8 31. Bc4 h5 32. Nxe4 h4 33. Ng5 Bc6
34. Rg1 Rd4 35. Be6 Rf4 36. Bxg4 Rf2+ 37. Kc3 Rxh2 38. Nf3 Rf2 39. Nxh4 a5 40.
Rg3 e5 41. Nf5 Rf1 42. Ne7 Bh1 43. Rh3 Bg2 44. Rh8+ Ka7 45. Nc8+ Kb8 46. Nb6+
Rf8 47. Rxf8+ 1-0

[Event "PRO League Group Stage"]
[Site "chess.com INT"]
[Date "2019.02.07"]
[Round "5"]
[White "Diaz Camallonga, Carles"]
[Black "Van der Lende, Ilias"]
[Result "1-0"]
[WhiteTitle "IM"]
[BlackTitle "FM"]
[WhiteElo "2432"]
[BlackElo "2334"]
[WhiteTeam "Barcelona Raptors"]
[BlackTeam "Amsterdam Mosquitoes"]
[WhiteFideId "22235256"]
[BlackFideId "1019260"]
[EventDate "2019.01.08"]

1. e4 e6 2. d4 d5 3. Nc3 Bb4 4. e5 c5 5. Bd2 Nh6 6. a3 Bxc3 7. Bxc3 Nf5 8. dxc5
d4 9. Bd2 Nc6 10. Nf3 Qd5 11. Bd3 Nxe5 12. Nxe5 Qxe5+ 13. Qe2 Qxe2+ 14. Kxe2 e5
15. Rhe1 O-O 16. Kf1 f6 17. f4 Ne7 18. Kg1 Nc6 19. b4 a6 20. Be4 Re8 21. c3 Bd7
22. cxd4 exd4 23. Kf2 Be6 24. Rad1 Bb3 25. Rb1 Bc4 26. Rbc1 Bb3 27. Bd3 g6 28.
Rb1 Rxe1 29. Bxe1 Ba2 30. Rb2 Bd5 31. a4 Kf7 32. g3 h6 33. Bd2 g5 34. Rb1 Ne7
35. b5 axb5 36. axb5 Ra3 37. Ke2 g4 38. Bc1 Ra2+ 39. Rb2 Ra3 40. Kd2 f5 41. Rc2
Be4 42. Bxa3 1-0

[Event "PRO League Group Stage"]
[Site "chess.com INT"]
[Date "2019.02.07"]
[Round "5"]
[White "Meier, Georg"]
[Black "Markoja, Boris"]
[Result "1-0"]
[WhiteTitle "GM"]
[BlackTitle "IM"]
[WhiteElo "2623"]
[BlackElo "2442"]
[WhiteTeam "Baden-Baden Snowballs"]
[BlackTeam "Ljubljana Turtles"]
[WhiteFideId "4675789"]
[BlackFideId "14608502"]
[EventDate "2019.01.08"]

1. Nf3 c5 2. e4 g6 3. c4 Nc6 4. d4 cxd4 5. Nxd4 Bg7 6. Be3 Nf6 7. Nc3 Ng4 8.
Qxg4 Nxd4 9. Qd1 e5 10. Bd3 O-O 11. O-O d6 12. Qd2 Be6 13. Rac1 Rc8 14. Ne2 Nc6
15. Rfd1 Qe7 16. b3 Kh8 17. Nc3 f5 18. exf5 gxf5 19. f4 a6 20. Nd5 Qf7 21. Be2
Rcd8 22. Bf3 Nd4 23. Bxd4 exd4 24. Nb4 Rfe8 25. Nc2 Qc7 26. Nxd4 Bc8 27. Ne2 Rd7
28. Ng3 Rde7 29. Nh5 Qc5+ 30. Kf1 Re6 31. Nxg7 Kxg7 32. Qd4+ Kg6 33. Rd2 Qb4 34.
Rcd1 b6 35. Bd5 Re3 36. Kf2 a5 37. Bf3 R8e6 38. Qxe3 Rxe3 39. Kxe3 Qc5+ 40. Ke2
Qa3 41. Rxd6+ Kg7 42. R1d2 a4 43. Rxb6 Qe7+ 44. Kd1 a3 45. Bd5 Qe3 46. Rc6 Qxf4
47. Rxc8 Qf1+ 48. Kc2 Qa1 49. Kd3 Qf1+ 50. Ke3 f4+ 51. Kd4 Qg1+ 52. Kc3 Qc1+ 53.
Kd3 Qf1+ 54. Kc2 Qa1 55. Bf3 Qxa2+ 56. Kd3 Qb1+ 57. Ke2 a2 58. Rd7+ Kf6 59. Rc6+ 1-0

[Event "PRO League Group Stage"]
[Site "chess.com INT"]
[Date "2019.02.07"]
[Round "5"]
[White "Donchenko, Alexander"]
[Black "Skuhala, Jernej"]
[Result "1-0"]
[WhiteTitle "GM"]
[BlackTitle "FM"]
[WhiteElo "2604"]
[BlackElo "2277"]
[WhiteTeam "Baden-Baden Snowballs"]
[BlackTeam "Ljubljana Turtles"]
[WhiteFideId "24603295"]
[BlackFideId "14605651"]
[EventDate "2019.01.08"]

1. c4 Nf6 2. Nc3 e6 3. e4 c5 4. e5 Ng8 5. Nf3 d6 6. exd6 Bxd6 7. d4 Nc6 8. dxc5
Bxc5 9. Qxd8+ Kxd8 10. a3 Ke7 11. b4 Bd4 12. Bb2 Bf6 13. O-O-O Nh6 14. h3 Nf5
15. Bd3 Nfd4 16. Nxd4 Nxd4 17. Rhe1 Kf8 18. Kb1 Nc6 19. Be4 Ne5 20. c5 Nc4 21.
Ba1 a5 22. b5 Nxa3+ 23. Ka2 Nc4 24. Kb3 Ne5 25. Na4 Ke7 26. c6 bxc6 27. Bxe5
cxb5 28. Bd6+ 1-0

[Event "PRO League Group Stage"]
[Site "chess.com INT"]
[Date "2019.02.07"]
[Round "5"]
[White "Borisek, Jure"]
[Black "Kollars, Dmitrij"]
[Result "1/2-1/2"]
[WhiteTitle "GM"]
[BlackTitle "GM"]
[WhiteElo "2584"]
[BlackElo "2562"]
[WhiteTeam "Ljubljana Turtles"]
[BlackTeam "Baden-Baden Snowballs"]
[WhiteFideId "14603152"]
[BlackFideId "12909572"]
[EventDate "2019.01.08"]

1. e4 e5 2. Nf3 Nc6 3. Bb5 a6 4. Ba4 Nf6 5. O-O Bc5 6. c3 b5 7. Bc2 d5 8. d4
dxe4 9. Nxe5 Nxe5 10. dxc5 Nd3 11. Be3 O-O 12. Nd2 Nxb2 13. Qb1 Nc4 14. Nxc4
bxc4 15. Bxe4 Nxe4 16. Qxe4 Be6 17. Rab1 Qd3 18. Qe5 c6 19. Rb6 Bd5 20. Bd4 Qg6
21. Qg3 Rfe8 22. a4 a5 23. Qxg6 hxg6 24. Be3 Be4 25. Rc1 Rad8 26. h3 f6 27. Ra6
Ra8 28. Rb6 g5 29. Rd1 Bd5 30. Rdb1 Be4 31. R1b2 Kf7 32. Rb7+ Re7 33. f3 Bf5 34.
Bf2 Rxb7 35. Rxb7+ Kg6 36. Rb2 Kf7 37. Bg3 Ra7 38. Bb8 Re7 39. Kf2 Bc8 40. Bd6
Rb7 41. Rxb7+ Bxb7 42. Ke3 Bc8 43. g4 Ke6 44. Kd4 Kd7 45. Ke4 Kd8 46. Bb8 Be6
47. Ba7 Bd5+ 48. Ke3 Bg8 49. Bb6+ Kc8 50. Bxa5 Bh7 51. Bb6 Bd3 52. a5 Bf1 53. a6
Kb8 54. Bd8 Ka7 55. Be7 Kxa6 56. Bf8 g6 57. Be7 f5 58. Bxg5 Bxh3 59. gxf5 Bxf5
60. Kd4 Kb5 1/2-1/2

[Event "PRO League Group Stage"]
[Site "chess.com INT"]
[Date "2019.02.07"]
[Round "5"]
[White "Sebenik, Matej"]
[Black "Agrest, Inna"]
[Result "1-0"]
[WhiteTitle "GM"]
[BlackTitle "WIM"]
[WhiteElo "2540"]
[BlackElo "2275"]
[WhiteTeam "Ljubljana Turtles"]
[BlackTeam "Baden-Baden Snowballs"]
[WhiteFideId "14602296"]
[BlackFideId "1708830"]
[EventDate "2019.01.08"]

1. d4 Nf6 2. Nf3 g6 3. c4 Bg7 4. g3 O-O 5. Bg2 d6 6. Nc3 Nbd7 7. O-O a6 8. e4 e5
9. Qc2 exd4 10. Nxd4 Ng4 11. Rd1 c6 12. h3 Nge5 13. b3 Nc5 14. Be3 a5 15. Nde2
Qe7 16. f4 Ned7 17. Bf2 Nf6 18. Nd4 Re8 19. Re1 Qc7 20. Rad1 Bd7 21. Nf3 Ne6 22.
Qd2 Nh5 23. e5 dxe5 24. Qxd7 Qxd7 25. Rxd7 exf4 26. Ne2 fxg3 27. Nxg3 Nhf4 28.
Bf1 b5 29. cxb5 cxb5 30. Kh2 Rac8 31. Bxb5 Rc2 32. Rd2 Rec8 33. Red1 R2c3 34.
Ng1 Be5 35. Bd7 R8c7 36. Bxe6 Nxe6 37. Ne2 Rf3 38. Kg2 Rf6 39. Ne4 Nf4+ 40. Kf3
Nxh3+ 41. Nxf6+ Bxf6 42. Kg2 Nxf2 43. Kxf2 Kg7 44. Rd7 Rc2 45. R1d2 Rc5 46. R2d5 1-0

[Event "PRO League Group Stage"]
[Site "chess.com INT"]
[Date "2019.02.07"]
[Round "5"]
[White "Lagarde, Maxime"]
[Black "Vachier-Lagrave, Maxime"]
[Result "0-1"]
[WhiteTitle "GM"]
[BlackTitle "GM"]
[WhiteElo "2604"]
[BlackElo "2780"]
[WhiteTeam "Cannes Blitzstreams"]
[BlackTeam "Marseille Migraines"]
[WhiteFideId "662399"]
[BlackFideId "623539"]
[EventDate "2019.01.08"]

1. d4 Nf6 2. c4 g6 3. Nc3 d5 4. cxd5 Nxd5 5. e4 Nxc3 6. bxc3 Bg7 7. Bc4 c5 8.
Ne2 Nc6 9. Be3 cxd4 10. cxd4 Qa5+ 11. Qd2 O-O 12. Rd1 Bd7 13. O-O Qxd2 14. Rxd2
Rac8 15. Rb1 Na5 16. Bd3 b6 17. Rb4 e6 18. Bb5 Bxb5 19. Rxb5 Nc4 20. Rd3 Nd6 21.
Rb2 Nxe4 22. Ra3 Rc7 23. Bf4 Rd7 24. Kf1 Rc8 25. f3 Nf6 26. Ra6 Nd5 27. Bd2 e5
28. Rb3 exd4 29. Rd3 Rc4 30. Kf2 Rc2 31. Ke1 Rb2 32. a3 Rb1+ 33. Kf2 Bf8 34.
Nxd4 Bc5 35. Kg3 Ne7 36. Rb3 Rxd4 37. Rxb1 Nf5+ 0-1

[Event "PRO League Group Stage"]
[Site "chess.com INT"]
[Date "2019.02.07"]
[Round "5"]
[White "Duda, Jan-Krzysztof"]
[Black "Tregubov, Pavel V."]
[Result "1-0"]
[WhiteTitle "GM"]
[BlackTitle "GM"]
[WhiteElo "2738"]
[BlackElo "2592"]
[WhiteTeam "Cannes Blitzstreams"]
[BlackTeam "Marseille Migraines"]
[WhiteFideId "1170546"]
[BlackFideId "4115341"]
[EventDate "2019.01.08"]

1. Nf3 c5 2. g3 Nc6 3. Bg2 d5 4. d4 Nf6 5. O-O cxd4 6. Nxd4 e5 7. Nxc6 bxc6 8.
c4 Be6 9. Qa4 Qd7 10. Nc3 Rc8 11. Bg5 d4 12. Rad1 Be7 13. Bxf6 Bxf6 14. c5 O-O
15. e3 Bf5 16. exd4 exd4 17. Ne4 Bxe4 18. Bxe4 g6 19. b4 Rfe8 20. Rfe1 Re6 21.
Bd3 Rce8 22. Rxe6 Rxe6 23. Qc2 Qe7 24. Kg2 h5 25. Bc4 Re4 26. f3 Re5 27. Qxg6+
Kf8 28. Qh6+ Bg7 29. Qxc6 Re2+ 30. Kh3 Rc2 31. Bb3 Rc3 32. Qc8+ Qe8 33. Qf5 Re3
34. c6 Re5 35. Qd7 Re3 36. Qxe8+ Kxe8 37. Rc1 Kd8 38. Bxf7 Kc7 39. Bxh5 d3 40.
f4 d2 41. Rd1 Bc3 42. b5 Ba5 43. Kg2 Kb6 44. Kf2 Ra3 45. Be2 Rxa2 46. h4 1-0